000 01258nam a22002297a 4500
003 OSt
005 20230823111004.0
008 221006b |||||||| |||| 00| 0 eng d
040 _cBiblioteca Lado V
082 _a792
_bS349p
100 _9959
_aSchmidt, Carlos
245 _aPropuesta/
_bRevista de Memoria Escénica/
260 _c2013
_bCentro de Documentación y Archivo en Artes Escénicas
_aCosta Rica
300 _c21.5x28cm
_a49p.
490 _a2
_v1
_x2215-3209
505 _aMOVIMIENTOS IMPORTANTES DE ESTE A OESTE MANUALES DE (IN)SEGURIDAD ÚLTIMOS REMORDIMIENTOS EL NIDO DE PALOMAS EL CUBO BAILAR POR SIEMPRE VACUO PENTADRAMA EN JULIANA WOYSECK CÁBALA ECHANDO A CONTAR SE APRENDE EL OTRO CUERPO ANGUSTINE KRISE EL CONTRABAJO QUE ROJA ESTÁ LA LUNA 1969 HISTORIA DE UNA CASA MATERIAL SENSIBLE GALILEO GALILEI UNOS LIBROS, UN MAPA Y UN ABANICO MACHOS A LA CARTA CUENTO DE NAVIDAD
_tPRIMERA FILA
650 _2Tesauro de Arte & Arquitectura
_aARTE
650 _2Tesauro de Arte & Arquitectura
_aARTES ESCENICAS
_9702
650 _2Tesauro de Arte & Arquitectura
_aCIRCO
651 _2Tesauro de Arte & Arquitectura
_aTEATRO
942 _2ddc
_c1
_h792
_iS349p
_n0
999 _c4184
_d4184